00586nam a2200145Ia 4500008004100000020001800041100001900059245007300078260003900151650001700190650008000207856004400287999001900331952009000350171212s9999 xx 000 0 und d a9780874211849 aBaker, Richard cBaker, RichardaDos MundosbRural Mexican Americans, Another America bUniversity Press of Coloradoc1995 aAnthropology aMexican Americans -- Idaho -- Social conditions; Idaho -- Social conditions uhttp://www.jstor.org/stable/j.ctt46nz7c c353056d353056 001040aCLbCLd2017-12-12l0oF755.M5B34 1994r2017-12-12 00:00:00w2017-12-12yCBE